000 00353nam a2200145Ia 4500
008 221007s9999 xx 000 0 und d
041 _aeng
082 _bMAL
100 _aMali D A (2k5215)
_9102201
245 _aSchool Library Management System
260 _c2007
_bPune University
_aPune
300 _a124p
520 _akapole D
906 _bGeneral
999 _c69362
_d69362